Costa Rica: coyunturas económicas, clases sociales y estado en su desarrollo reciente, 1930-1975

Uloženo v:
Podrobná bibliografie
Hlavní autor: Vega Carballo, José Luis
Médium: Text
Vydáno: San José: Academia Costarricense de Bibliografía
Tagy: Přidat tag
Žádné tagy, Buďte první, kdo vytvoří štítek k tomuto záznamu!

MARC

LEADER 00000 a a2200000 04500
001 15731
003
040
090 |a 013900  
100 |a Vega Carballo, José Luis  
245 |a Costa Rica: coyunturas económicas, clases sociales y estado en su desarrollo reciente, 1930-1975  
260 |a San José:   |b Academia Costarricense de Bibliografía  
300 |a 39 p.  
999 |c 12498  |d 12498